Vista normal Vista MARC

Entrada Corporate Name

Número de registros utilizados en: 6

001 - CONTROL NUMBER

  • control field: 8197

003 - CONTROL NUMBER IDENTIFIER

  • control field: OSt

005 - DATE AND TIME OF LATEST TRANSACTION

  • control field: 20200730150650.0

008 - FIXED-LENGTH DATA ELEMENTS

  • fixed length control field: 200730|| aca||aabn | a|a d

040 ## - CATALOGING SOURCE

  • Original cataloging agency: OSt
  • Transcribing agency: OSt

110 ## - HEADING--CORPORATE NAME

  • Corporate name or jurisdiction name as entry element: Universidad Externado de Colombia

670 ## - SOURCE DATA FOUND

  • Source citation: Work cat.: (OSt)4752: Universidad Externado de Colombia, Fraude en telecomunicaciones /, 2000.